000 00265nam a22001217a 4500
008 170627b xxu||||| |||| 00| 0 eng d
041 _aeng
080 _a32
100 _a21
101 _aSHP
245 _aFROM POLICY TO PRACTICE
_cREINREIN.M
942 _2udc
_cBK
999 _c19168
_d19168